Двойная флуоресценция в молекулах донорно-акцепторного типа и влияние фторирования; Известия вузов. Физика; Т. 47, № 10

Bibliographische Detailangaben
Parent link:Известия вузов. Физика/ Министерство общего и профессионального образования Российской Федерации ; Томский Госуниверситет.— , 1958-.— 0021-3411
Т. 47, № 10.— 2004.— с. 19-22
1. Verfasser: Артюхов В. Я.
Weitere Verfasser: Смирнов О. В.
Sprache:Russisch
Veröffentlicht: 2004
Schriftenreihe:Оптика и спектроскопия
Schlagworte:
Format: Buchkapitel
KOHA link:https://koha.lib.tpu.ru/cgi-bin/koha/opac-detail.pl?biblionumber=420169

MARC

LEADER 00000naa2a2200000 4500
001 420169
005 20231101073333.0
035 |a (RuTPU)RU\TPU\prd\77655 
035 |a RU\TPU\prd\32593 
090 |a 420169 
100 |a 20100302a2004 k y0rusy50 ca 
101 0 |a rus 
102 |a RU 
200 1 |a Двойная флуоресценция в молекулах донорно-акцепторного типа и влияние фторирования  |f В. Я. Артюхов, О. В. Смирнов 
225 1 |a Оптика и спектроскопия 
320 |a Библиогр.: 8 назв. 
461 1 |0 (RuTPU)RU\TPU\prd\191  |x 0021-3411  |t Известия вузов. Физика  |f Министерство общего и профессионального образования Российской Федерации ; Томский Госуниверситет  |d 1958- 
463 1 |0 (RuTPU)RU\TPU\prd\77651  |t Т. 47, № 10  |v с. 19-22  |d 2004 
610 1 |a фторирование 
610 1 |a квантово-химическое изучение 
610 1 |a двойная флуоресценция 
610 1 |a полярный растворитель 
610 1 |a молекулы 
610 1 |a донорно-ацепторный тип 
610 1 |a водородные связи 
675 |a 535.37:539.194  |v 3 
700 1 |a Артюхов  |b В. Я. 
701 1 |a Смирнов  |b О. В. 
801 1 |a RU  |b 63413507  |c 20050209  |g PSBO 
801 2 |a RU  |b 63413507  |c 20101109  |g RCR 
942 |c BK